15 principales países con muertes de Covid-19 - 8 de julio - Estadísticas

Estadísticas generales
  • Esta prueba ha sido intentada 5 veces
  • La puntuación promedio es 16 de 19
Estadísticas de respuestas
país % Correcto
Alemania
100%
Brasil
100%
España
100%
Estados Unidos
100%
Francia
100%
Italia
100%
México
100%
Reino Unido
100%
Rusia
100%
Canadá
80%
India
80%
Irlanda
80%
Países Bajos
80%
Suecia
80%
Chile
60%
Irán
60%
Perú
60%
Bélgica
40%
Ecuador
40%
No se encontraron pruebas coincidentes
Distribución de puntuación
Porcentaje de gente con cada puntuación
Porcentaje por número respondido
Historial de tus puntuaciones
No has intentado esta prueba.